LEADER 01104nam0-22003731i-450- 001 990003167780403321 010 $a88-14-02651-3 035 $a000316778 035 $aFED01000316778 035 $a(Aleph)000316778FED01 035 $a000316778 100 $a20000920d1990----km-y0itay50------ba 101 0 $aita 102 $aIT 200 1 $a<>processo di internazionalizzazione delle imprese$fFilippa Bellante. 210 $aMilano$cGiuffrè$d1990. 215 $aIX, 226 p.$d23 cm 225 1 $aCollana di studi economico-aziendali$v20 610 0 $aImprese$aAccordi e alleanze 610 0 $aImprese$aInternazionalizzazione 610 0 $aImprese$aItalia$aInternazionalizzazione 610 0 $aJoint Ventures$aUnione Sovietica 610 0 $aMultinazionali 676 $aG/3.340 676 $aO/1.22 702 1$aBellante,$bFilippa 801 0$aIT$bUNINA$gRICA$2UNIMARC 901 $aBK 912 $a990003167780403321 952 $aG/3.340 BEL$b14015$fSES 959 $aSES 996 $aProcesso di internazionalizzazione delle imprese$9457587 997 $aUNINA DB $aING01 LEADER 01677nas 2200505- 450 001 996200078403316 005 20210831213017.0 035 $a(OCoLC)693945957 035 $a(CKB)2670000000042167 035 $a(CONSER)--2012267081 035 $a(DE-599)ZDB2538289-5 035 $a(EXLCZ)992670000000042167 100 $a20101005a20049999 --- - 101 0 $apor 135 $aur|n||||||||| 181 $ctxt$2rdacontent 182 $cc$2rdamedia 183 $acr$2rdacarrier 200 00$aRevista de administração e inovação 210 1$a[São Paulo, Brazil] :$cUniversidade de São Paulo, Núcleo de Política e Gestão Tecnológica, PGT/USP,$d2004- 300 $aRefereed/Peer-reviewed 311 $a1809-2039 517 1 $aRAI 517 1 $aReview of administration and innovation 531 $aRAI 531 0 $aRAI, Rev. Adm. Inov. 606 $aTechnological innovations$vPeriodicals 606 $aTechnological innovations$zBrazil$vPeriodicals 606 $aManagement$vPeriodicals 606 $aManagement$zBrazil$vPeriodicals 606 $aManagement$2fast$3(OCoLC)fst01007141 606 $aTechnological innovations$2fast$3(OCoLC)fst01145002 607 $aBrazil$2fast 608 $aPeriodicals.$2fast 615 0$aTechnological innovations 615 0$aTechnological innovations 615 0$aManagement 615 0$aManagement 615 7$aManagement. 615 7$aTechnological innovations. 712 02$aUniversidade de São Paulo.$bNúcleo de Política e Gestão Tecnológica, 906 $aJOURNAL 912 $a996200078403316 996 $aRevista de administração e inovação$91891456 997 $aUNISA